| 000 | 00678nam a2200229 a 4500 | ||
|---|---|---|---|
| 003 | Nust | ||
| 005 | 20170216102655.0 | ||
| 008 | 170216b xxu||||| |||| 00| 0 eng d | ||
| 020 | _a9781439809419 (hb) | ||
| 040 | _cNust-MCE | ||
| 082 |
_a624.068 _bDHA _cL-14, P-178 |
||
| 100 | 1 | _aDharwadker p.p | |
| 245 | 1 |
_aConstruction Management: _bsubcontractor scopes of work. |
|
| 260 |
_aNew Delhi: _bOxford & IBH Publishing Com, _c1989. |
||
| 300 | _a ix, 446p. : ill. | ||
| 650 | 0 | _aBuilding -- Superintendence. | |
| 650 | 0 | _aBuilding -- Planning. | |
| 650 | 0 | _aConstruction Industry -- Subcontracting. | |
| 650 | 0 | _aMCE | |
| 700 | _aHinze, Jimmie. (jt. auth.). | ||
| 942 | _cBK | ||
| 999 |
_c224678 _d224678 |
||